<?xml version="1.0" encoding="UTF-8"?>
<record
    xmlns:xsi="http://www.w3.org/2001/XMLSchema-instance"
    xsi:schemaLocation="http://www.loc.gov/MARC21/slim http://www.loc.gov/standards/marcxml/schema/MARC21slim.xsd"
    xmlns="http://www.loc.gov/MARC21/slim">

  <leader>01317nam2a22002651  4500</leader>
  <controlfield tag="001">rc\4364097</controlfield>
  <controlfield tag="005">20250611162452.0</controlfield>
  <datafield tag="021" ind1=" " ind2=" ">
    <subfield code="a">RU</subfield>
    <subfield code="b">[60-3408]</subfield>
  </datafield>
  <datafield tag="035" ind1=" " ind2=" ">
    <subfield code="a">(NLR Aleph) 008283775</subfield>
  </datafield>
  <datafield tag="090" ind1=" " ind2=" ">
    <subfield code="a">8533043</subfield>
    <subfield code="c">8533043</subfield>
  </datafield>
  <datafield tag="100" ind1=" " ind2=" ">
    <subfield code="a">20130416d1959    |||y0rusy50      ca</subfield>
  </datafield>
  <datafield tag="101" ind1="0" ind2=" ">
    <subfield code="a">rus</subfield>
  </datafield>
  <datafield tag="102" ind1=" " ind2=" ">
    <subfield code="a">RU</subfield>
  </datafield>
  <datafield tag="105" ind1=" " ind2=" ">
    <subfield code="a">a   z   |||e|</subfield>
  </datafield>
  <datafield tag="200" ind1="1" ind2=" ">
    <subfield code="a">&#x418;&#x437;&#x431;&#x440;&#x430;&#x43D;&#x43D;&#x44B;&#x435; &#x441;&#x442;&#x430;&#x442;&#x44C;&#x438; &#x438; &#x43F;&#x438;&#x441;&#x44C;&#x43C;&#x430;</subfield>
    <subfield code="f">[&#x41F;&#x43E;&#x434;&#x433;&#x43E;&#x442;&#x43E;&#x432;&#x43A;&#x430; &#x442;&#x435;&#x43A;&#x441;&#x442;&#x430; &#x438; &#x43F;&#x440;&#x438;&#x43C;&#x435;&#x447;. &#x410;.&#x41D;. &#x414;&#x443;&#x431;&#x43E;&#x432;&#x438;&#x43A;&#x43E;&#x432;&#x430;]</subfield>
  </datafield>
  <datafield tag="210" ind1=" " ind2=" ">
    <subfield code="d">1959</subfield>
    <subfield code="a">&#x411;. &#x43C;.</subfield>
  </datafield>
  <datafield tag="215" ind1=" " ind2=" ">
    <subfield code="a">563 &#x441;., 9 &#x43B;. &#x438;&#x43B;.</subfield>
  </datafield>
  <datafield tag="320" ind1=" " ind2=" ">
    <subfield code="a">&#x410;&#x43B;&#x444;&#x430;&#x432;&#x438;&#x442;&#x43D;&#x44B;&#x439; &#x443;&#x43A;&#x430;&#x437;&#x430;&#x442;&#x435;&#x43B;&#x44C; &#x43F;&#x440;&#x43E;&#x438;&#x437;&#x432;&#x435;&#x434;&#x435;&#x43D;&#x438;&#x439; &#x41D;.&#x412;. &#x413;&#x43E;&#x433;&#x43E;&#x43B;&#x44F;, &#x432;&#x43E;&#x448;&#x435;&#x434;&#x448;&#x438;&#x445; &#x432; 1-6 &#x442;&#x442;.: &#x441;. 557-559</subfield>
  </datafield>
  <datafield tag="461" ind1=" " ind2="0">
    <subfield code="1">001rc\4364091</subfield>
    <subfield code="1">2001#$a&#x421;&#x43E;&#x431;&#x440;&#x430;&#x43D;&#x438;&#x435; &#x441;&#x43E;&#x447;&#x438;&#x43D;&#x435;&#x43D;&#x438;&#x439;$e&#x412; 6 &#x442;.$f&#x41F;&#x43E;&#x434; &#x43E;&#x431;&#x449;. &#x440;&#x435;&#x434;. &#x421;.&#x418;. &#x41C;&#x430;&#x448;&#x438;&#x43D;&#x441;&#x43A;&#x43E;&#x433;&#x43E; [&#x438; &#x434;&#x440;.]. &#x422;. 1-$v&#x422;. 6</subfield>
    <subfield code="1">700#1$a&#x413;&#x43E;&#x433;&#x43E;&#x43B;&#x44C;$b&#x41D;.&#x412;.$f1809-1852$g&#x41D;&#x438;&#x43A;&#x43E;&#x43B;&#x430;&#x439; &#x412;&#x430;&#x441;&#x438;&#x43B;&#x44C;&#x435;&#x432;&#x438;&#x447;$3RU\NLR\AUTH\773480</subfield>
    <subfield code="9">8533009</subfield>
    <subfield code="a">&#x413;&#x43E;&#x433;&#x43E;&#x43B;&#x44C;, &#x41D;. &#x412;. (1809-1852)</subfield>
    <subfield code="c">&#x41C;&#x43E;&#x441;&#x43A;&#x432;&#x430;</subfield>
    <subfield code="d">1959</subfield>
    <subfield code="f">&#x41F;&#x43E;&#x434; &#x43E;&#x431;&#x449;. &#x440;&#x435;&#x434;. &#x421;.&#x418;. &#x41C;&#x430;&#x448;&#x438;&#x43D;&#x441;&#x43A;&#x43E;&#x433;&#x43E; [&#x438; &#x434;&#x440;.]. &#x422;. 1-</subfield>
    <subfield code="n">&#x413;&#x43E;&#x441;&#x43B;&#x438;&#x442;&#x438;&#x437;&#x434;&#x430;&#x442;</subfield>
    <subfield code="o">&#x412; 6 &#x442;.</subfield>
    <subfield code="t">&#x421;&#x43E;&#x431;&#x440;&#x430;&#x43D;&#x438;&#x435; &#x441;&#x43E;&#x447;&#x438;&#x43D;&#x435;&#x43D;&#x438;&#x439;</subfield>
    <subfield code="v">&#x422;. 6</subfield>
  </datafield>
  <datafield tag="702" ind1=" " ind2="1">
    <subfield code="a">&#x414;&#x443;&#x431;&#x43E;&#x432;&#x438;&#x43A;&#x43E;&#x432;</subfield>
    <subfield code="b">&#x410;.&#x41D;.</subfield>
    <subfield code="4">212</subfield>
  </datafield>
  <datafield tag="801" ind1=" " ind2="0">
    <subfield code="a">RU</subfield>
    <subfield code="b">NLR</subfield>
    <subfield code="g">psbo</subfield>
  </datafield>
  <datafield tag="801" ind1=" " ind2="1">
    <subfield code="a">RU</subfield>
    <subfield code="b">ELAR</subfield>
    <subfield code="2">rusmarc</subfield>
  </datafield>
  <datafield tag="852" ind1=" " ind2=" ">
    <subfield code="a">NLR</subfield>
    <subfield code="j">59-3/2077</subfield>
  </datafield>
  <datafield tag="942" ind1=" " ind2=" ">
    <subfield code="c">BOOK</subfield>
  </datafield>
  <datafield tag="980" ind1=" " ind2=" ">
    <subfield code="a">NB</subfield>
  </datafield>
  <datafield tag="995" ind1=" " ind2=" ">
    <subfield code="5">2013-10-26</subfield>
    <subfield code="b">NLR01</subfield>
    <subfield code="c">NLR01</subfield>
    <subfield code="e">RF31</subfield>
    <subfield code="f">8283775-10</subfield>
    <subfield code="k">59-3/2077</subfield>
    <subfield code="o">0</subfield>
    <subfield code="r">BOOK</subfield>
    <subfield code="s">5932077_</subfield>
  </datafield>
</record>
